[Event "LXVIII C.to Italiano"]
[Site "Martina Franca ITA"]
[Date "2008.12.07"]
[Round "5"]
[White "Contin, Daniel"]
[Black "Caruana, Fabiano"]
[Result "0-1"]
[WhiteElo "2318"]
[BlackElo "2640"]
[PlyCount "74"]
[EventDate "2008.12.03"]

1. c4 e5 2. Nc3 Bb4 3. Qb3 Nc6 4. Nf3 d6 5. e3 a5 6. a3 Bc5 7. Be2 f5 8. d3 Nf6
9. O-O O-O 10. Bd2 Kh8 11. Rad1 Qe8 12. Nd5 a4 13. Qc2 Nxd5 14. cxd5 Na5 15.
Nxe5 Qxe5 16. d4 Bxd4 17. Bxa5 Bc5 18. Bc3 Qe8 19. Bd4 b6 20. Qc3 Rg8 21. Bd3
Bd7 22. Bc2 Qg6 23. f4 Ra5 24. Rf3 Qf7 25. Rh3 Re8 26. Rg3 Bxd4 27. Qxd4 Rc5
28. Bb1 Qe7 29. Kf2 Rf8 30. Rd2 Qf7 31. Rh3 Bb5 32. Ba2 Re8 33. b4 Rc1 34. Rd1
Rc2+ 35. Rd2 c5 36. Rxc2 cxd4 37. exd4 Qe7 0-1

[Event "LXVIII C.to Italiano"]
[Site "Martina Franca ITA"]
[Date "2008.12.07"]
[Round "5"]
[White "Dvirnyy, Danyyil"]
[Black "Bruno, Fabio"]
[Result "0-1"]
[WhiteElo "2458"]
[BlackElo "2453"]
[PlyCount "40"]
[EventDate "2008.12.03"]

1. e4 e6 2. d4 d5 3. Nc3 Bb4 4. e5 c5 5. a3 Bxc3+ 6. bxc3 Qc7 7. Nf3 b6 8. Bb5+
Bd7 9. Bd3 c4 10. Be2 Ba4 11. h4 Nc6 12. Bf4 Nf6 13. Ng5 h6 14. Bg3 Nd7 15. Nh3
b5 16. h5 Qa5 17. Qd2 Bxc2 18. Qxc2 Nxd4 19. Qb2 Nc5 20. O-O Na4 0-1

[Event "LXVIII C.to Italiano"]
[Site "Martina Franca ITA"]
[Date "2008.12.07"]
[Round "5"]
[White "Garcia Palermo, Carlos Horacio"]
[Black "Piscopo, Pierluigi"]
[Result "1/2-1/2"]
[WhiteElo "2459"]
[BlackElo "2380"]
[PlyCount "52"]
[EventDate "2008.12.03"]

1. d4 Nf6 2. Nf3 c5 3. d5 e6 4. c4 exd5 5. cxd5 d6 6. Nc3 g6 7. g3 Bg7 8. Bg2
O-O 9. O-O Re8 10. Nd2 a6 11. a4 Nbd7 12. a5 b5 13. axb6 Nxb6 14. Nb3 Bf5 15.
f3 Qc8 16. e4 Bh3 17. Na5 Bxg2 18. Kxg2 Nfd7 19. Bf4 Ne5 20. Bxe5 Bxe5 21. Nc6
Bg7 22. Qd3 Qb7 23. Rf2 f5 24. exf5 c4 25. Qd2 gxf5 26. Rd1 Qf7 1/2-1/2

[Event "LXVIII C.to Italiano"]
[Site "Martina Franca ITA"]
[Date "2008.12.07"]
[Round "5"]
[White "Genocchio, Daniele"]
[Black "Shytaj, Luca"]
[Result "1-0"]
[WhiteElo "2452"]
[BlackElo "2472"]
[PlyCount "125"]
[EventDate "2008.12.03"]

1. e4 c5 2. Nc3 d6 3. f4 Nc6 4. Nf3 g6 5. Bc4 Bg7 6. O-O e6 7. Qe1 Nge7 8. d3
O-O 9. f5 gxf5 10. Bg5 f6 11. Be3 Na5 12. Bb3 a6 13. Nh4 fxe4 14. dxe4 b5 15.
a3 Nxb3 16. cxb3 Nc6 17. Rd1 Qe7 18. Qg3 Ne5 19. Bh6 Ra7 20. Ne2 Kh8 21. Bxg7+
Qxg7 22. Qe3 Rd7 23. Nf4 Rdd8 24. Rd2 Qg4 25. Nf3 Rg8 26. h3 Qg3 27. Kh1 Nxf3
28. Rxf3 Qg5 29. Qf2 Rg7 30. Nd3 Rf8 31. Nf4 e5 32. Nd5 f5 33. exf5 Rxf5 34.
Rxf5 Bxf5 35. Ne3 Rf7 36. Rxd6 Bg6 37. Qe1 Be4 38. Kg1 h5 39. h4 Qf4 40. Rd8+
Kg7 41. Rc8 Kh7 42. Rxc5 Rg7 43. Rc3 Rg3 44. Qd1 Qxh4 45. Rc7+ Rg7 46. Rxg7+
Kxg7 47. Qd7+ Kf8 48. Qd6+ Kf7 49. Qxe5 Qe1+ 50. Nf1 h4 51. Qf4+ Ke6 52. Kh2
Qe2 53. Ne3 Bc6 54. Qf5+ Kd6 55. Qg6+ Kc7 56. Qg7+ Bd7 57. Qe5+ Kd8 58. Qf6+
Ke8 59. Nd5 Bc8 60. Qc6+ Bd7 61. Nf6+ Ke7 62. Nxd7 Qe1 63. Qc7 1-0

[Event "LXVIII C.to Italiano"]
[Site "Martina Franca ITA"]
[Date "2008.12.07"]
[Round "5"]
[White "Valsecchi, Alessio"]
[Black "Rombaldoni, Denis"]
[Result "1/2-1/2"]
[WhiteElo "2342"]
[BlackElo "2436"]
[PlyCount "110"]
[EventDate "2008.12.03"]

1. e4 c6 2. d4 d5 3. e5 Bf5 4. Nf3 e6 5. Be2 Bb4+ 6. Nbd2 Nd7 7. O-O Ba5 8. c4
Bc7 9. cxd5 cxd5 10. Nb3 Ne7 11. Bd2 O-O 12. Rc1 a5 13. a4 Bb6 14. Ne1 Nc6 15.
Be3 f6 16. exf6 Qxf6 17. Bb5 Rac8 18. Qd2 Ndb8 19. Nc5 Bxc5 20. Rxc5 Nb4 21.
Rc3 N8c6 22. f4 Na2 23. Rc5 Ncb4 24. Be2 b6 25. Rxc8 Rxc8 26. Bf3 Nc2 27. Qe2
Nxe3 28. Qxe3 Rc4 29. g4 Qg6 30. Ng2 Bxg4 31. Bxg4 Qxg4 32. f5 Qxd4 33. fxe6
Qxe3+ 34. Nxe3 Re4 35. Nxd5 Rxe6 36. Ra1 Nb4 37. Nxb4 axb4 38. Rc1 Re2 39. Rc6
Rxb2 40. Rxb6 b3 41. a5 Ra2 42. Rxb3 Rxa5 43. Rb7 Rg5+ 44. Kh1 h6 45. Ra7 Kh7
46. Ra6 h5 47. Rb6 g6 48. Rb7+ Kh6 49. Ra7 h4 50. Ra4 Kh5 51. Rb4 Ra5 52. Kg2
Ra2+ 53. Kg1 g5 54. Rc4 h3 55. Rc1 Rb2 1/2-1/2

[Event "LXVIII C.to Italiano"]
[Site "Martina Franca ITA"]
[Date "2008.12.08"]
[Round "6"]
[White "Bruno, Fabio"]
[Black "Brunello, Sabino"]
[Result "1-0"]
[WhiteElo "2453"]
[BlackElo "2456"]
[PlyCount "93"]
[EventDate "2008.12.03"]

1. d4 Nf6 2. Nf3 e6 3. e3 b6 4. Bd3 c5 5. O-O Bb7 6. c4 d6 7. Nc3 Nbd7 8. a3
Be7 9. b4 O-O 10. Bb2 h6 11. Qe2 Rc8 12. Rfd1 a6 13. d5 exd5 14. cxd5 b5 15. e4
Re8 16. h3 Bf8 17. Qd2 g6 18. Re1 Bg7 19. Rad1 Nb6 20. Ba1 Nc4 21. Bxc4 cxb4
22. axb4 Rxc4 23. e5 Nh5 24. Ne4 dxe5 25. Nc5 Bxd5 26. Qxd5 Qxd5 27. Rxd5 Nf4
28. Rdd1 a5 29. Nb7 Rxb4 30. Nxa5 e4 31. Bxg7 Kxg7 32. Nc6 Rb2 33. Nfe5 Re6 34.
Rd7 Rf6 35. Rxe4 Ne2+ 36. Kh2 Nc3 37. Re3 Rfxf2 38. Rxf7+ Rxf7 39. Nxf7 Nd5 40.
Rf3 g5 41. Nd6 Nf4 42. Nf5+ Kg6 43. Ne3 b4 44. Ne7+ Kh5 45. Rg3 b3 46. N3f5 Ne6
47. Rg4 1-0

[Event "LXVIII C.to Italiano"]
[Site "Martina Franca ITA"]
[Date "2008.12.08"]
[Round "6"]
[White "Caruana, Fabiano"]
[Black "Valsecchi, Alessio"]
[Result "0-1"]
[WhiteElo "2640"]
[BlackElo "2342"]
[PlyCount "98"]
[EventDate "2008.12.03"]

1. e4 d5 2. exd5 Qxd5 3. Nc3 Qa5 4. Bc4 Nf6 5. d3 c6 6. Bd2 Qd8 7. Nf3 e6 8.
Qe2 Be7 9. d4 O-O 10. O-O-O b5 11. Bd3 b4 12. Ne4 Qd5 13. Nxf6+ Bxf6 14. Bxb4
Qxa2 15. Bxf8 Kxf8 16. c3 Nd7 17. Bb1 Qa5 18. Qc4 Ba6 19. Qa2 Qb6 20. Bd3 Bb7
21. Be4 a5 22. Kc2 Rb8 23. Qb3 Qc7 24. Qc4 c5 25. Nd2 Bg5 26. dxc5 Ne5 27. Qa4
Ba6 28. Nb3 Nc4 29. Bd3 Qf4 30. Qa2 a4 31. Nd2 Rxb2+ 32. Qxb2 Nxb2 33. Bxa6
Nxd1 34. Rxd1 Qf5+ 35. Bd3 Qxc5 36. Ne4 Qe5 37. Nxg5 Qxg5 38. g3 Qd5 39. Rb1
Qg2 40. Rf1 e5 41. Be2 Qe4+ 42. Bd3 Qd5 43. Rb1 Qg2 44. Rf1 e4 45. Be2 e3 46.
Kd3 exf2 47. c4 Ke7 48. Kd4 Qxh2 49. g4 a3 0-1

[Event "LXVIII C.to Italiano"]
[Site "Martina Franca ITA"]
[Date "2008.12.08"]
[Round "6"]
[White "Garcia Palermo, Carlos Horacio"]
[Black "Dvirnyy, Danyyil"]
[Result "1-0"]
[WhiteElo "2459"]
[BlackElo "2458"]
[PlyCount "117"]
[EventDate "2008.12.03"]

1. Nf3 Nf6 2. g3 g6 3. Bg2 Bg7 4. O-O O-O 5. d4 d6 6. Re1 c5 7. Nc3 cxd4 8.
Nxd4 Qb6 9. h3 Nc6 10. Nb3 Be6 11. e4 Bc4 12. Be3 Qd8 13. Qd2 Qd7 14. Rad1 Rfd8
15. f4 e6 16. Qf2 Qc7 17. f5 d5 18. fxe6 fxe6 19. Nd2 Rf8 20. Bf4 Qa5 21. Nxc4
dxc4 22. Qe2 Qb6+ 23. Be3 Qxb2 24. Qxc4 Nh5 25. Ne2 Qe5 26. g4 Ng3 27. Nd4 Rae8
28. Nxc6 bxc6 29. Rd7 Qc3 30. Qxc3 Bxc3 31. Bd2 Be5 32. Bh6 Rd8 33. Rxd8 Rxd8
34. Kf2 Rd4 35. Kf3 Rd7 36. Rb1 Rf7+ 37. Ke3 Bc7 38. e5 Bb6+ 39. Kd3 Rd7+ 40.
Kc4 Rd4+ 41. Kb3 Ne4 42. c3 Nd2+ 43. Kc2 Nxb1 44. cxd4 Na3+ 45. Kd3 c5 46. dxc5
Bxc5 47. Bc6 Bb4 48. Be8 Be7 49. Be3 a6 50. Bd7 Kf7 51. Bc8 a5 52. Bd2 Bb4 53.
Bxb4 axb4 54. g5 Ke7 55. Ba6 Kd7 56. Bc4 Nb1 57. h4 Ke7 58. Kc2 Nc3 59. Kb3 1-0

[Event "LXVIII C.to Italiano"]
[Site "Martina Franca ITA"]
[Date "2008.12.08"]
[Round "6"]
[White "Godena, Michele"]
[Black "Contin, Daniel"]
[Result "1-0"]
[WhiteElo "2517"]
[BlackElo "2318"]
[PlyCount "105"]
[EventDate "2008.12.03"]

1. e4 e6 2. d4 d5 3. Nd2 c5 4. Ngf3 a6 5. exd5 exd5 6. c4 Be6 7. cxd5 Bxd5 8.
Bc4 Be7 9. O-O Nc6 10. dxc5 Bxc5 11. Bxd5 Qxd5 12. Ne4 Rd8 13. Bg5 Be7 14. Qxd5
Rxd5 15. Rad1 Rxd1 16. Rxd1 f5 17. Nd6+ Bxd6 18. Rxd6 h6 19. Be3 Nge7 20. h4
Rf8 21. g3 Nc8 22. Rd5 Rf7 23. Ne5 Nxe5 24. Rxe5+ Kd7 25. Kg2 Ne7 26. Bc5 Nc6
27. Rd5+ Kc7 28. Kf3 b6 29. Be3 Nb4 30. Rd4 Nc6 31. Bf4+ Kb7 32. Rd6 a5 33. a4
Re7 34. Rg6 Nd4+ 35. Kg2 Nc6 36. Be3 Rf7 37. h5 Kc7 38. Bf4+ Kb7 39. Be3 Kc7
40. Bd2 Ne7 41. Bf4+ Kb7 42. Rd6 Nc6 43. Kf1 Re7 44. Be3 Kc7 45. Rd5 Re4 46.
Rxf5 Rxa4 47. Rf7+ Kd6 48. Rxg7 Rb4 49. Bxh6 Rxb2 50. Bf4+ Ke6 51. h6 Rb5 52.
h7 Rh5 53. Rg6+ 1-0

[Event "LXVIII C.to Italiano"]
[Site "Martina Franca ITA"]
[Date "2008.12.08"]
[Round "6"]
[White "Piscopo, Pierluigi"]
[Black "Shytaj, Luca"]
[Result "1/2-1/2"]
[WhiteElo "2380"]
[BlackElo "2472"]
[PlyCount "51"]
[EventDate "2008.12.03"]

1. e4 c5 2. Nf3 Nf6 3. Nc3 d6 4. d4 cxd4 5. Nxd4 a6 6. Bc4 e6 7. Bb3 b5 8. Qf3
Qc7 9. Bg5 Nbd7 10. O-O-O Be7 11. Rhe1 O-O 12. Qg3 Nc5 13. Bh6 g6 14. Bxf8 Bxf8
15. a3 Bb7 16. f3 Rc8 17. Kb1 Qa5 18. Qf4 Nfd7 19. Qd2 Qb6 20. f4 Nxb3 21. cxb3
Nf6 22. e5 Ne8 23. Ne4 Bg7 24. Nxd6 Nxd6 25. exd6 Qxd6 26. Nf3 1/2-1/2

[Event "LXVIII C.to Italiano"]
[Site "Martina Franca ITA"]
[Date "2008.12.08"]
[Round "6"]
[White "Rombaldoni, Denis"]
[Black "Genocchio, Daniele"]
[Result "1-0"]
[WhiteElo "2436"]
[BlackElo "2452"]
[PlyCount "55"]
[EventDate "2008.12.03"]

1. Nf3 c5 2. c4 Nf6 3. Nc3 Nc6 4. g3 e5 5. Bg2 Be7 6. O-O O-O 7. Ne1 a6 8. Nc2
b5 9. d3 Rb8 10. Ne3 Nd4 11. Ned5 Nxd5 12. Nxd5 Bd6 13. e3 Ne6 14. b3 Bb7 15.
f4 Nc7 16. Bb2 Nxd5 17. cxd5 f6 18. fxe5 Bxe5 19. Bxe5 fxe5 20. Qh5 Rxf1+ 21.
Rxf1 Qe8 22. Qf5 d6 23. Be4 g6 24. Qf6 Rd8 25. h4 Bc8 26. h5 gxh5 27. Bf5 h6
28. Qxh6 1-0

[Event "LXVIII C.to Italiano"]
[Site "Martina Franca ITA"]
[Date "2008.12.09"]
[Round "7"]
[White "Contin, Daniel"]
[Black "Bruno, Fabio"]
[Result "0-1"]
[WhiteElo "2318"]
[BlackElo "2453"]
[PlyCount "80"]
[EventDate "2008.12.03"]

1. e4 c5 2. Nf3 e6 3. c4 Nc6 4. Nc3 Nf6 5. Be2 a6 6. O-O d6 7. d4 cxd4 8. Nxd4
Bd7 9. Be3 Be7 10. Rc1 O-O 11. Nb3 b6 12. f4 Qb8 13. g4 Ra7 14. g5 Ne8 15. Bd3
g6 16. Rf3 Ng7 17. f5 f6 18. Rg3 fxg5 19. fxe6 Nxe6 20. Nd5 Bd8 21. Bf1 Nf4 22.
Rc2 Be6 23. Rf2 Raf7 24. Qd2 Bxd5 25. cxd5 Ne5 26. Nd4 b5 27. Kh1 Qc8 28. Qd1
Bb6 29. Rc2 Qd7 30. Bg2 Nfd3 31. Kg1 Qa7 32. Rd2 Bxd4 33. Rxd3 Nxd3 34. Qxd3
Bxe3+ 35. Qxe3 Qxe3+ 36. Rxe3 Rc7 37. h3 Rc1+ 38. Kh2 Rc2 39. Kg3 Rxb2 40. Ra3
h5 0-1

[Event "LXVIII C.to Italiano"]
[Site "Martina Franca ITA"]
[Date "2008.12.09"]
[Round "7"]
[White "Valsecchi, Alessio"]
[Black "Godena, Michele"]
[Result "0-1"]
[WhiteElo "2342"]
[BlackElo "2517"]
[PlyCount "81"]
[EventDate "2008.12.03"]

1. e4 e5 2. Nf3 Nc6 3. Bb5 a6 4. Ba4 Nf6 5. O-O Bc5 6. Nxe5 Nxe5 7. d4 b5 8.
Bb3 Bxd4 9. Qxd4 d6 10. f4 c5 11. Qc3 Neg4 12. e5 c4 13. exf6 O-O 14. fxg7 Re8
15. h3 Bb7 16. hxg4 Re2 17. Rf2 Qb6 18. Be3 Rxe3 19. Qd2 cxb3 20. Nc3 bxc2 21.
Qxc2 Rae8 22. Rd1 d5 23. Qd2 b4 24. Na4 Qb5 25. b3 Re2 26. Qd3 Re1+ 27. Kh2 Qc6
28. Rxe1 Rxe1 29. Rf3 Qh6+ 30. Kg3 d4 31. Qxd4 Bxf3 32. g5 Qe6 33. gxf3 Qe3 34.
Qxe3 Rxe3 35. Nc5 a5 36. Nb7 a4 37. f5 Kxg7 38. Kf4 Rxb3 39. f6+ Kg8 40. Nc5
Ra3 41. Ke4 0-1

[Event "LXVIII C.to Italiano"]
[Site "Martina Franca ITA"]
[Date "2008.12.10"]
[Round "8"]
[White "Bruno, Fabio"]
[Black "Valsecchi, Alessio"]
[Result "1/2-1/2"]
[WhiteElo "2453"]
[BlackElo "2342"]
[PlyCount "101"]
[EventDate "2008.12.03"]

1. Nf3 Nf6 2. c4 g6 3. g3 Bg7 4. Bg2 O-O 5. O-O c6 6. d4 d6 7. Nc3 Qa5 8. e4
Qa6 9. Qe2 Be6 10. b3 Nfd7 11. Be3 Qa5 12. Qd2 c5 13. Rac1 cxd4 14. Nxd4 Nc6
15. Nxe6 fxe6 16. Bh3 Nc5 17. Ne2 Qxd2 18. Bxd2 Nd4 19. Nxd4 Bxd4 20. Bh6 Rf6
21. Kg2 Nxe4 22. f3 g5 23. Rce1 Rxh6 24. Rxe4 e5 25. Rg4 Rg6 26. f4 gxf4 27.
Rxg6+ hxg6 28. gxf4 Rf8 29. fxe5 Rxf1 30. Kxf1 Bxe5 31. Kg2 Kf7 32. Bc8 b6 33.
h3 e6 34. Kf3 d5 35. cxd5 exd5 36. Ba6 Ke6 37. Ke3 Kd6 38. Bd3 g5 39. Bc2 Kc5
40. Kd3 Kb4 41. a4 Ka3 42. Bd1 Kb2 43. Bc2 a5 44. Bd1 Bf6 45. Kd2 Be7 46. Kd3
Bc5 47. Kd2 Bd4 48. Kd3 Bc3 49. Bf3 Kxb3 50. Bxd5+ Kb4 51. Ke4 1/2-1/2

[Event "LXVIII C.to Italiano"]
[Site "Martina Franca ITA"]
[Date "2008.12.10"]
[Round "8"]
[White "Caruana, Fabiano"]
[Black "Shytaj, Luca"]
[Result "1-0"]
[WhiteElo "2640"]
[BlackElo "2472"]
[PlyCount "81"]
[EventDate "2008.12.03"]

1. e4 c5 2. Nf3 g6 3. d4 cxd4 4. Nxd4 Bg7 5. c4 Nc6 6. Be3 d6 7. Nc3 Nh6 8. h3
f5 9. Bxh6 Bxd4 10. Qd2 fxe4 11. Be3 Bg7 12. Nxe4 Bf5 13. Nc3 O-O 14. Be2 Qa5
15. Rc1 Rac8 16. b3 Bxc3 17. Rxc3 Nb4 18. Rc1 b6 19. O-O Qxa2 20. Qxa2 Nxa2 21.
Ra1 Nc3 22. Bf3 Be4 23. Bg4 Bf5 24. Bf3 Be4 25. Bxe4 Nxe4 26. Rxa7 Rf7 27. Rb7
Kf8 28. Rxb6 Rf5 29. Ra1 Rc7 30. Ra8+ Kf7 31. Rbb8 Ke6 32. h4 h5 33. Bb6 Rc6
34. Be3 Nc5 35. Rb5 Rf7 36. Rg8 Ra6 37. Rxg6+ Kf5 38. Rg5+ Ke4 39. Bxc5 dxc5
40. f3+ Ke3 41. Re5+ 1-0

[Event "LXVIII C.to Italiano"]
[Site "Martina Franca ITA"]
[Date "2008.12.10"]
[Round "8"]
[White "Dvirnyy, Danyyil"]
[Black "Brunello, Sabino"]
[Result "1/2-1/2"]
[WhiteElo "2458"]
[BlackElo "2456"]
[PlyCount "113"]
[EventDate "2008.12.03"]

1. e4 e5 2. Nf3 Nc6 3. Bb5 a6 4. Ba4 Nf6 5. O-O Be7 6. Re1 b5 7. Bb3 O-O 8. c3
d5 9. exd5 Nxd5 10. Nxe5 Nxe5 11. Rxe5 c6 12. d3 Bd6 13. Re1 Bf5 14. Qf3 Re8
15. Rxe8+ Qxe8 16. Nd2 Qe1+ 17. Nf1 Bg6 18. Bxd5 cxd5 19. Qxd5 Rd8 20. Bg5 Qxa1
21. Bxd8 Bf8 22. h4 Qb1 23. Qa8 Bxd3 24. Be7 h6 25. Qxf8+ Kh7 26. Bf6 Qxf1+ 27.
Kh2 gxf6 28. Qxf7+ Kh8 29. Qxf6+ Kh7 30. Qe7+ Kg8 31. Qe6+ Kg7 32. Qe7+ Kg8 33.
Qd8+ Kg7 34. Qd7+ Kg8 35. Qc8+ Kg7 36. Qb7+ Kg8 37. Qxa6 Qxf2 38. Qxh6 Kf7 39.
Qg5 Bf5 40. b3 Ke6 41. a4 bxa4 42. bxa4 Qc2 43. Qg8+ Ke7 44. Qg7+ Ke6 45. a5
Qa4 46. Qh6+ Kf7 47. Qh5+ Ke6 48. Qh6+ Kf7 49. a6 Bg6 50. a7 Qxa7 51. Qf4+ Ke6
52. h5 Bd3 53. g4 Qc5 54. Qh6+ Kf7 55. Qf4+ Ke6 56. Qh6+ Kf7 57. Qf4+ 1/2-1/2

[Event "LXVIII C.to Italiano"]
[Site "Martina Franca ITA"]
[Date "2008.12.10"]
[Round "8"]
[White "Garcia Palermo, Carlos Horacio"]
[Black "Contin, Daniel"]
[Result "1-0"]
[WhiteElo "2459"]
[BlackElo "2318"]
[PlyCount "79"]
[EventDate "2008.12.03"]

1. d4 Nf6 2. c4 g6 3. Nc3 d5 4. Nf3 Bg7 5. Bg5 Ne4 6. Bf4 Nxc3 7. bxc3 c5 8. e3
Nc6 9. Rc1 dxc4 10. Bxc4 O-O 11. O-O Na5 12. Be2 Be6 13. Qa4 Rc8 14. Qa3 Bc4
15. Bxc4 Nxc4 16. Qxa7 Qd5 17. Rb1 cxd4 18. cxd4 Na5 19. a4 Ra8 20. Qb6 Qd7 21.
Qc7 Rfd8 22. Rfc1 Qe8 23. Qc5 e6 24. Bc7 Rd5 25. Qc3 f5 26. Bxa5 Rdxa5 27. Rxb7
R5a7 28. Rxa7 Rxa7 29. Qc8 Kf8 30. Ng5 Qxc8 31. Rxc8+ Ke7 32. Nxh7 Rxa4 33. g3
Ra7 34. Ng5 Bf6 35. Nf3 g5 36. h3 Kf7 37. g4 Ra3 38. Rc7+ Kg6 39. Rc6 Kf7 40.
Kg2 1-0

[Event "LXVIII C.to Italiano"]
[Site "Martina Franca ITA"]
[Date "2008.12.10"]
[Round "8"]
[White "Godena, Michele"]
[Black "Genocchio, Daniele"]
[Result "1-0"]
[WhiteElo "2517"]
[BlackElo "2452"]
[PlyCount "80"]
[EventDate "2008.12.03"]

1. e4 c5 2. c3 e5 3. Nf3 Nc6 4. Bc4 Nf6 5. d3 Be7 6. O-O O-O 7. Re1 d6 8. Nbd2
Be6 9. Bxe6 fxe6 10. a3 Qd7 11. b4 b6 12. Rb1 cxb4 13. axb4 b5 14. Nb3 Qe8 15.
Ra1 Bd8 16. Qe2 Bb6 17. Be3 Bc7 18. h3 a5 19. bxa5 Nxa5 20. Nxa5 Bxa5 21. Ra3
b4 22. cxb4 Bxb4 23. Rxa8 Qxa8 24. Rb1 Qa5 25. Ng5 Re8 26. Qb2 Bc5 27. Bxc5
Qxc5 28. Qb7 Qc8 29. Qf7+ Kh8 30. Kh2 Rf8 31. Qe7 Re8 32. Qxd6 h6 33. Nf7+ Kh7
34. Nxe5 Qc2 35. Rf1 Qd2 36. Nf3 Qc2 37. Kg1 Nh5 38. Qd7 Rf8 39. Nd4 Qd2 40.
Nxe6 Rf6 1-0

[Event "LXVIII C.to Italiano"]
[Site "Martina Franca ITA"]
[Date "2008.12.10"]
[Round "8"]
[White "Piscopo, Pierluigi"]
[Black "Rombaldoni, Denis"]
[Result "1-0"]
[WhiteElo "2380"]
[BlackElo "2436"]
[PlyCount "61"]
[EventDate "2008.12.03"]

1. e4 c5 2. Nf3 e6 3. Qe2 Nc6 4. g3 Nge7 5. Bg2 g6 6. O-O Bg7 7. c3 O-O 8. d4
cxd4 9. cxd4 Nxd4 10. Nxd4 Bxd4 11. Nc3 Nc6 12. Rd1 Qb6 13. Bf4 f6 14. Rac1 a6
15. Bd6 Rf7 16. Na4 Qb5 17. Qc2 b6 18. a3 Bb7 19. Bf3 f5 20. Be2 Bxf2+ 21. Kxf2
fxe4+ 22. Kg1 Qg5 23. Qxe4 Na5 24. Bf4 Qe7 25. Qe3 e5 26. Bg5 Qe6 27. Nxb6 Qh3
28. Nd5 h6 29. g4 Qxe3+ 30. Bxe3 Nb3 31. Rc7 1-0

[Event "LXVIII C.to Italiano"]
[Site "Martina Franca ITA"]
[Date "2008.12.11"]
[Round "9"]
[White "Brunello, Sabino"]
[Black "Piscopo, Pierluigi"]
[Result "1/2-1/2"]
[WhiteElo "2456"]
[BlackElo "2380"]
[PlyCount "42"]
[EventDate "2008.12.03"]

1. e4 c5 2. Nf3 Nc6 3. d4 cxd4 4. Nxd4 Nf6 5. Nc3 e5 6. Ndb5 d6 7. Bg5 a6 8.
Na3 b5 9. Nd5 Qa5+ 10. Bd2 Qd8 11. Bg5 Qa5+ 12. Bd2 Qd8 13. c4 Nxe4 14. cxb5
Be6 15. Nc3 Nxd2 16. Qxd2 Nd4 17. bxa6 d5 18. Nab5 Nc6 19. Be2 d4 20. O-O Be7
21. Bf3 Rxa6 1/2-1/2

[Event "LXVIII C.to Italiano"]
[Site "Martina Franca ITA"]
[Date "2008.12.11"]
[Round "9"]
[White "Contin, Daniel"]
[Black "Dvirnyy, Danyyil"]
[Result "1-0"]
[WhiteElo "2318"]
[BlackElo "2458"]
[PlyCount "86"]
[EventDate "2008.12.03"]

1. b3 e5 2. Bb2 d6 3. c4 Nc6 4. g3 g6 5. Bg2 Bg7 6. Nc3 Nge7 7. d3 O-O 8. Nf3
h6 9. Nd2 f5 10. O-O g5 11. Nd5 Nxd5 12. Bxd5+ Kh8 13. a3 Ne7 14. Bg2 f4 15. b4
c6 16. d4 Nf5 17. Nb3 Qe8 18. dxe5 dxe5 19. Qd3 Be6 20. Nc5 Rd8 21. Qc2 Nd4 22.
Bxd4 Rxd4 23. Nxe6 Qxe6 24. Rac1 e4 25. e3 Rd3 26. exf4 gxf4 27. Rfe1 fxg3 28.
fxg3 Qd7 29. Re2 e3 30. Rce1 Rxa3 31. Kh1 Rc3 32. Qe4 Re8 33. Qf4 Qe6 34. c5 a6
35. h4 Rd3 36. Kh2 Qe5 37. Qf7 Qe7 38. Qg6 Rb3 39. Bh3 Qe5 40. Bf5 Kg8 41. Rf1
Rb2 42. Rxb2 Qxb2+ 43. Bc2 Rc8 1-0

[Event "LXVIII C.to Italiano"]
[Site "Martina Franca ITA"]
[Date "2008.12.11"]
[Round "9"]
[White "Genocchio, Daniele"]
[Black "Bruno, Fabio"]
[Result "1-0"]
[WhiteElo "2452"]
[BlackElo "2453"]
[PlyCount "67"]
[EventDate "2008.12.03"]

1. e4 c5 2. Nf3 e6 3. d3 Nc6 4. g3 d5 5. Qe2 Nge7 6. Bg2 g6 7. O-O Bg7 8. c3
O-O 9. e5 Qc7 10. Bf4 b6 11. d4 a5 12. Qd2 Ba6 13. Rd1 Rfc8 14. a4 Qd7 15. Bg5
Rc7 16. Na3 cxd4 17. cxd4 Rac8 18. Nb1 Nb4 19. Nc3 Nec6 20. Bf1 Bxf1 21. Kxf1
Na7 22. h4 Qc6 23. Nh2 Qc4+ 24. Kg2 Qb3 25. Rdc1 Qc4 26. Rd1 Qb3 27. Rdc1 Qc4
28. Nb5 Qxc1 29. Rxc1 Nxb5 30. Rxc7 Nxc7 31. Qc1 h5 32. g4 hxg4 33. Nxg4 Nba6
34. Bf6 1-0

[Event "LXVIII C.to Italiano"]
[Site "Martina Franca ITA"]
[Date "2008.12.11"]
[Round "9"]
[White "Shytaj, Luca"]
[Black "Godena, Michele"]
[Result "0-1"]
[WhiteElo "2472"]
[BlackElo "2517"]
[PlyCount "48"]
[EventDate "2008.12.03"]

1. e4 e5 2. d4 Nc6 3. dxe5 Nxe5 4. f4 Nc6 5. Bc4 Nf6 6. Nc3 Bb4 7. Nge2 Nxe4 8.
Bxf7+ Kxf7 9. Qd5+ Kf8 10. Qxe4 d5 11. Qf3 Qh4+ 12. g3 Bg4 13. Qd3 Qh5 14. O-O
d4 15. f5 dxc3 16. Nf4 Qf7 17. Ne6+ Kg8 18. bxc3 Bd6 19. Qe4 Ne5 20. Qxb7 Re8
21. Nd4 c5 22. Qa6 cxd4 23. Qxd6 Nf3+ 24. Kg2 Qb7 0-1

[Event "LXVIII C.to Italiano"]
[Site "Martina Franca ITA"]
[Date "2008.12.11"]
[Round "9"]
[White "Valsecchi, Alessio"]
[Black "Garcia Palermo, Carlos Horacio"]
[Result "1-0"]
[WhiteElo "2342"]
[BlackElo "2459"]
[PlyCount "61"]
[EventDate "2008.12.03"]

1. e4 c6 2. d4 d5 3. e5 c5 4. dxc5 e6 5. Be3 Nh6 6. c3 Nf5 7. Bd4 Nxd4 8. Qxd4
Nc6 9. Bb5 Qg5 10. Ne2 Qxg2 11. Ng3 h5 12. h4 Qf3 13. Nd2 Qg4 14. b4 g6 15. Nb3
Bd7 16. Bxc6 Bxc6 17. a4 a6 18. Na5 Bg7 19. Kd2 Qf3 20. b5 axb5 21. Nxc6 bxc6
22. axb5 O-O 23. b6 f6 24. exf6 Bh6+ 25. Kc2 e5 26. Qxe5 Qxf2+ 27. Ne2 Rae8 28.
Rh2 Qxc5 29. f7+ Kxf7 30. Ra7+ Kg8 31. Qc7 1-0

[Event "LXVIII C.to Italiano"]
[Site "Martina Franca ITA"]
[Date "2008.12.03"]
[Round "10"]
[White "Brunello, Sabino"]
[Black "Contin, Daniel"]
[Result "1/2-1/2"]
[WhiteElo "2456"]
[BlackElo "2318"]
[PlyCount "132"]
[EventDate "2008.12.03"]

1. d4 e6 2. c4 Nf6 3. g3 c5 4. d5 exd5 5. cxd5 d6 6. Nc3 g6 7. Bg2 Bg7 8. Nf3
O-O 9. O-O a6 10. a4 Nbd7 11. Nd2 Re8 12. a5 b5 13. axb6 Nxb6 14. Nb3 Bf5 15.
f3 Nc4 16. e4 Bd7 17. Rf2 Nh5 18. Bf1 Ne5 19. g4 Nf6 20. h3 Bc8 21. Na5 h5 22.
g5 Nh7 23. f4 Nd7 24. Nc6 Qb6 25. f5 Bd4 26. Nxd4 cxd4 27. Na4 Qa7 28. Bg2 Ne5
29. b3 Bd7 30. Bb2 d3 31. Bxe5 Rxe5 32. Qxd3 gxf5 33. Qg3 Kh8 34. Kh1 Rg8 35.
h4 Nf6 36. exf5 Ng4 37. Rf4 Bxf5 38. Nb2 Re3 39. Bf3 Bg6 40. Qg1 Qe7 41. Nc4
Rxf3 42. Rxf3 Be4 43. Kg2 Bxf3+ 44. Kxf3 Re8 45. Qd4+ Kg8 46. Qd3 Ne5+ 47. Nxe5
Qxe5 48. Ra4 Qh2 49. Re4 Qh1+ 50. Ke3 Qe1+ 51. Kf3 Qh1+ 52. Ke3 Rxe4+ 53. Qxe4
Qh3+ 54. Kd2 Qxb3 55. g6 Qb2+ 56. Kd1 Qf6 57. gxf7+ Qxf7 58. Qd3 Kf8 59. Kc2
Qf2+ 60. Kb3 a5 61. Qc3 Qxh4 62. Qc8+ Kg7 63. Qd7+ Kg8 64. Qe8+ Kg7 65. Qd7+
Kg6 66. Qe8+ Kg7 1/2-1/2

[Event "LXVIII C.to Italiano"]
[Site "Martina Franca ITA"]
[Date "2008.12.03"]
[Round "10"]
[White "Bruno, Fabio"]
[Black "Shytaj, Luca"]
[Result "1-0"]
[WhiteElo "2453"]
[BlackElo "2472"]
[PlyCount "95"]
[EventDate "2008.12.03"]

1. d4 Nf6 2. Nf3 e6 3. e3 b6 4. Bd3 Bb7 5. O-O Be7 6. c4 O-O 7. Nc3 d5 8. cxd5
exd5 9. b3 Nbd7 10. Bb2 a6 11. Qc2 Bd6 12. Rfe1 Re8 13. Nd2 c5 14. Rad1 Rc8 15.
dxc5 bxc5 16. Bf5 Qc7 17. Nf1 Qc6 18. f3 Rc7 19. e4 d4 20. Nd5 Rcc8 21. Nxf6+
gxf6 22. Qd2 Rcd8 23. Ng3 Bxg3 24. hxg3 Nf8 25. Rc1 Bc8 26. g4 Bxf5 27. gxf5
Qd6 28. Kf2 Nd7 29. Qh6 Qf8 30. Qh4 Qg7 31. Rh1 Ne5 32. Rcd1 Qg5 33. Qxh7+ Kf8
34. Bc1 Qg8 35. Ba3 Rc8 36. Qh4 Ke7 37. Rxd4 Red8 38. Rhd1 Rxd4 39. Rxd4 Qg5
40. Qxg5 fxg5 41. Rd5 Nd7 42. e5 Rc6 43. Kg3 Ke8 44. Kg4 c4 45. bxc4 Rxc4+ 46.
Kxg5 Ra4 47. Bd6 Rxa2 48. g4 1-0